书目信息 |
| 书名: | UNDERSTANDABLE STATISTICS:concepts and methods | |
| 作者: | Charles Henry Brase and Corrinne Pellillo Brase. | |
| 分册号: | ||
| 分册名: | 出版地: | Lexington : |
|
| 出版社: | D.C.Heath and Company | |
| 出版时间: | c1995. | |
| 页数: | 849 p. ; | |
| 开本: | 20cm. | |
| 丛书名: | ||
| 中图分类号: | ||
| 科图分类号: | ||
| 其他分类号: | F22 | |
| 主题词: | ||
| 电子资源: | ||
| 000 | 00514nam 2200169 a 4500 | |
| 001 | E0758999930 | |
| 005 | 20070516162915.96 | |
| 008 | 070516s1995 00010 eng | |
| 020 | @a0-669-35514-3. | |
| 040 | @aPFT@beng | |
| 090 | @aF22 | |
| 099 | @dF22@ex13=5 | |
| 245 | 1 | @aUNDERSTANDABLE STATISTICS:concepts and methods / @cCharles Henry Brase and Corrinne Pellillo Brase. |
| 250 | @a5th ed. | |
| 260 | @aLexington :@bD.C.Heath and Company,@cc1995. | |
| 300 | @a849 p. ;@c20cm. | |
| 500 | @aInstructor'Annotated Edition | |
| UNDERSTANDABLE STATISTICS:concepts and methods / / Charles Henry Brase and Corrinne Pellillo Brase.-5th ed.-Lexington : : D.C.Heath and Company, , c1995. |
| 849 p. ; ; 20cm. |
| Instructor'Annotated Edition |
| ISBN 0-669-35514-3. |
| ● |
| 相关链接 |
|
|
|
|
正题名:UNDERSTANDABLE STATISTICS:concepts and methods
索取号:F22/x13=5
 
预约/预借
| 序号 | 登录号 | 条形码 | 馆藏地/架位号 | 状态 | 备注 |
| 1 | 10171 | 300101716 | 第二样本阅览室/ [索取号:F22/x13=5] | 在馆 | |
| 2 | 10172 | 300101725 | 第四借阅区/ [索取号:F22/x13=5] | 在馆 | |
| 3 | 10173 | 300101734 | 第四借阅区/ [索取号:F22/x13=5] | 在馆 |